[Event "Russian Championship (men blitz)"]
[Site "Sochi"]
[Date "2017.10.02"]
[Round "11.18"]
[White "Hasangatin, Ramil"]
[Black "Tsoi, Dmitry"]
[Result "1/2-1/2"]
[LiveChessVersion "1.4.8"]
[BlackElo "2357"]
[WhiteElo "2560"]

1. e4 {[%clk 0:03:03]} c5 {[%clk 0:03:02]} 2. Nf3 {[%clk 0:03:04]} d6
{[%clk 0:03:03]} 3. d4 {[%clk 0:03:06]} Nf6 {[%clk 0:03:04]} 4. Bb5+
{[%clk 0:03:06]} Bd7 {[%clk 0:03:02]} 5. Bxd7+ {[%clk 0:03:07]} Qxd7
{[%clk 0:02:54]} 6. e5 {[%clk 0:03:08]} dxe5 {[%clk 0:02:49]} 7. dxe5
{[%clk 0:03:09]} Qxd1+ {[%clk 0:02:49]} 8. Kxd1 {[%clk 0:03:10]} Ng4
{[%clk 0:02:44]} 9. Ke2 {[%clk 0:03:11]} Nc6 {[%clk 0:02:43]} 10. Bf4
{[%clk 0:03:12]} O-O-O {[%clk 0:02:28]} 11. h3 {[%clk 0:03:11]} Nh6
{[%clk 0:02:30]} 12. Na3 {[%clk 0:02:44]} Nf5 {[%clk 0:02:25]} 13. c3
{[%clk 0:02:43]} g6 {[%clk 0:02:12]} 14. g4 {[%clk 0:02:32]} Ng7 {[%clk 0:01:53]}
15. Ng5 {[%clk 0:02:30]} Ne6 {[%clk 0:01:54]} 16. Nxe6 {[%clk 0:02:14]} fxe6
{[%clk 0:01:55]} 17. Bg3 {[%clk 0:02:04]} Bg7 {[%clk 0:01:56]} 18. f4
{[%clk 0:02:06]} g5 {[%clk 0:01:55]} 19. fxg5 {[%clk 0:02:06]} Bxe5
{[%clk 0:01:45]} 20. Bxe5 {[%clk 0:01:48]} Nxe5 {[%clk 0:01:45]} 21. Rad1
{[%clk 0:01:42]} Rxd1 {[%clk 0:01:33]} 22. Rxd1 {[%clk 0:01:42]} Rg8
{[%clk 0:01:34]} 23. Ke3 {[%clk 0:00:56]} Rxg5 {[%clk 0:01:31]} 24. Kf4
{[%clk 0:00:56]} Nf7 {[%clk 0:01:22]} 25. Nc4 {[%clk 0:00:52]} b5
{[%clk 0:01:14]} 26. Ne3 {[%clk 0:00:46]} e5+ {[%clk 0:01:12]} 27. Kg3
{[%clk 0:00:42]} Nd6 {[%clk 0:01:07]} 28. h4 Rg7 {[%clk 0:01:05]} 29. g5
{[%clk 0:00:35]} h6 {[%clk 0:00:56]} 30. Kg4 {[%clk 0:00:35]} hxg5
{[%clk 0:00:55]} 31. h5 {[%clk 0:00:27]} Ne4 {[%clk 0:00:50]} 32. Kf5
{[%clk 0:00:13]} Ng3+ {[%clk 0:00:37]} 33. Kg4 {[%clk 0:00:14]} Ne4 34. Kf5 Ng3+
{[%clk 0:00:21]} 35. Kg4 {[%clk 0:00:17]} Ne4 36. Kf5 {[%clk 0:00:20]} Ng3+
{[%clk 0:00:23]} 37. Ke4 1/2-1/2

[Event "Russian Championship (men blitz)"]
[Site "Sochi"]
[Date "2017.10.02"]
[Round "11.19"]
[White "Rozum, Ivan"]
[Black "Zakaryan, David"]
[Result "1/2-1/2"]
[LiveChessVersion "1.4.8"]
[BlackElo "2349"]
[WhiteElo "2553"]

1. Nf3 {[%clk 0:03:03]} Nf6 {[%clk 0:03:03]} 2. g3 {[%clk 0:03:04]} d5
{[%clk 0:03:04]} 3. Bg2 {[%clk 0:03:04]} c5 {[%clk 0:03:05]} 4. O-O
{[%clk 0:03:02]} h6 {[%clk 0:03:06]} 5. b3 {[%clk 0:02:58]} Nc6 {[%clk 0:03:01]}
6. d4 {[%clk 0:02:59]} cxd4 {[%clk 0:03:02]} 7. Nxd4 {[%clk 0:03:00]} Qb6
{[%clk 0:02:57]} 8. Bb2 {[%clk 0:02:59]} Bg4 {[%clk 0:02:47]} 9. h3
{[%clk 0:03:00]} Bh5 {[%clk 0:02:48]} 10. g4 {[%clk 0:03:01]} Bg6
{[%clk 0:02:50]} 11. e3 {[%clk 0:03:01]} e6 {[%clk 0:02:48]} 12. Nd2
{[%clk 0:03:01]} Bc5 {[%clk 0:02:38]} 13. Ne2 {[%clk 0:03:01]} O-O-O
{[%clk 0:02:28]} 14. a3 {[%clk 0:02:57]} h5 {[%clk 0:02:20]} 15. g5
{[%clk 0:02:56]} Ne4 {[%clk 0:02:21]} 16. Nxe4 {[%clk 0:02:50]} Bxe4
{[%clk 0:02:20]} 17. Bxg7 {[%clk 0:02:46]} Bxg2 {[%clk 0:02:15]} 18. Kxg2
{[%clk 0:02:46]} Rhg8 {[%clk 0:02:14]} 19. Bf6 {[%clk 0:02:47]} Be7
{[%clk 0:02:15]} 20. Bxe7 {[%clk 0:02:46]} Nxe7 {[%clk 0:02:16]} 21. h4
{[%clk 0:02:43]} f6 {[%clk 0:02:06]} 22. Qd4 {[%clk 0:02:34]} fxg5
{[%clk 0:02:04]} 23. Qxb6 {[%clk 0:02:35]} gxh4+ {[%clk 0:02:01]} 24. Kh3
{[%clk 0:02:33]} axb6 {[%clk 0:02:01]} 25. Rg1 {[%clk 0:02:30]} Nf5
{[%clk 0:01:58]} 26. Nf4 {[%clk 0:02:08]} Kd7 {[%clk 0:01:57]} 27. Nxh5
{[%clk 0:02:07]} Ke7 {[%clk 0:01:58]} 28. Nf4 {[%clk 0:02:04]} Rc8
{[%clk 0:01:35]} 29. Rxg8 {[%clk 0:01:56]} Rxg8 {[%clk 0:01:36]} 30. c4
{[%clk 0:01:56]} dxc4 {[%clk 0:01:33]} 31. bxc4 {[%clk 0:01:57]} Nd6
{[%clk 0:01:33]} 32. Rc1 {[%clk 0:01:43]} Ne4 {[%clk 0:01:18]} 33. Rc2
{[%clk 0:01:43]} Ng5+ {[%clk 0:01:07]} 34. Kxh4 {[%clk 0:01:40]} Nf3+
{[%clk 0:01:08]} 35. Kh5 {[%clk 0:01:40]} Kf6 {[%clk 0:01:04]} 36. Nd3
{[%clk 0:01:20]} Rg5+ {[%clk 0:01:00]} 37. Kh6 {[%clk 0:01:21]} Rg6+
{[%clk 0:00:31]} 38. Kh5 {[%clk 0:01:22]} Rg5+ {[%clk 0:00:32]} 39. Kh6
{[%clk 0:01:23]} Rg6+ {[%clk 0:00:16]} 40. Kh5 {[%clk 0:01:24]} Rg5+
{[%clk 0:00:15]} 41. Kh6 {[%clk 0:01:24]} Ke5 1/2-1/2

[Event "Russian Championship (men blitz)"]
[Site "Sochi"]
[Date "2017.10.02"]
[Round "11.27"]
[White "Sarana, Alexey"]
[Black "Vastrukhin, Oleg"]
[Result "1-0"]
[LiveChessVersion "1.4.8"]
[BlackElo "2424"]
[WhiteElo "2574"]

1. e4 {[%clk 0:03:02]} e6 {[%clk 0:03:01]} 2. d4 {[%clk 0:02:59]} d5
{[%clk 0:03:02]} 3. Nc3 {[%clk 0:03:00]} Bb4 {[%clk 0:03:04]} 4. exd5
{[%clk 0:02:52]} exd5 {[%clk 0:03:05]} 5. Bd3 {[%clk 0:02:53]} Ne7
{[%clk 0:03:06]} 6. Nge2 {[%clk 0:02:54]} Nbc6 {[%clk 0:03:07]} 7. a3
{[%clk 0:02:53]} Bd6 {[%clk 0:03:07]} 8. O-O {[%clk 0:02:52]} Bg4
{[%clk 0:03:08]} 9. f3 {[%clk 0:02:47]} Bh5 {[%clk 0:03:07]} 10. Bf4
{[%clk 0:02:46]} Bg6 {[%clk 0:03:08]} 11. Qd2 {[%clk 0:02:28]} O-O
{[%clk 0:03:08]} 12. Bxg6 {[%clk 0:02:28]} hxg6 {[%clk 0:02:57]} 13. Ng3
{[%clk 0:02:21]} Qd7 {[%clk 0:02:48]} 14. Nb5 {[%clk 0:02:15]} Bxf4
{[%clk 0:02:43]} 15. Qxf4 {[%clk 0:02:16]} a6 {[%clk 0:02:37]} 16. Nc3
{[%clk 0:02:16]} Nd8 {[%clk 0:02:22]} 17. Rfe1 {[%clk 0:02:09]} Ne6
{[%clk 0:02:24]} 18. Qd2 {[%clk 0:02:09]} Qd6 {[%clk 0:02:22]} 19. Na4
{[%clk 0:02:02]} b5 {[%clk 0:02:10]} 20. Nc3 {[%clk 0:02:02]} Qb6
{[%clk 0:02:05]} 21. Nce2 {[%clk 0:01:58]} a5 {[%clk 0:02:02]} 22. c3
{[%clk 0:01:51]} b4 {[%clk 0:01:49]} 23. axb4 {[%clk 0:01:24]} axb4
{[%clk 0:01:50]} 24. Nf1 {[%clk 0:01:23]} b3 {[%clk 0:01:44]} 25. Ne3
{[%clk 0:01:20]} c5 {[%clk 0:01:35]} 26. dxc5 {[%clk 0:01:13]} Qxc5
{[%clk 0:01:36]} 27. Rad1 {[%clk 0:01:05]} Ra2 {[%clk 0:01:22]} 28. Nc1
{[%clk 0:01:03]} Rfa8 {[%clk 0:01:02]} 29. Nxa2 {[%clk 0:00:45]} bxa2
{[%clk 0:01:01]} 30. b4 {[%clk 0:00:46]} Qb6 {[%clk 0:01:00]} 31. Ra1
{[%clk 0:00:46]} Nf5 {[%clk 0:00:50]} 32. Qf2 {[%clk 0:00:26]} Nxe3
{[%clk 0:00:37]} 33. Rxe3 {[%clk 0:00:14]} Ra3 {[%clk 0:00:17]} 34. Re2
{[%clk 0:00:15]} Qc7 {[%clk 0:00:12]} 35. Raxa2 {[%clk 0:00:14]} Rxc3
{[%clk 0:00:10]} 36. b5 {[%clk 0:00:11]} d4 {[%clk 0:00:11]} 37. Re1
{[%clk 0:00:10]} Qc5 {[%clk 0:00:09]} 38. Rb2 {[%clk 0:00:11]} Qb6
{[%clk 0:00:07]} 39. Ra1 {[%clk 0:00:08]} g5 {[%clk 0:00:08]} 40. h3
{[%clk 0:00:08]} Nf4 {[%clk 0:00:06]} 41. Ra6 {[%clk 0:00:05]} Qb8
{[%clk 0:00:05]} 42. Qf1 {[%clk 0:00:03]} d3 {[%clk 0:00:05]} 43. b6
{[%clk 0:00:04]} Rc2 {[%clk 0:00:06]} 44. Raa2 {[%clk 0:00:03]} Rxb2 45. Rxb2 f5
{[%clk 0:00:03]} 46. b7 {[%clk 0:00:06]} Kh7 {[%clk 0:00:04]} 47. Qa1
{[%clk 0:00:07]} d2 48. Rxd2 {[%clk 0:00:07]} Qxb7 {[%clk 0:00:04]} 49. Qd4
{[%clk 0:00:08]} Qf7 {[%clk 0:00:05]} 50. Kh2 {[%clk 0:00:08]} Qc7
{[%clk 0:00:05]} 51. Qd6 {[%clk 0:00:09]} Qf7 {[%clk 0:00:05]} 52. Qe5
{[%clk 0:00:10]} Ng6 {[%clk 0:00:06]} 53. Qd5 {[%clk 0:00:10]} Qc7+
{[%clk 0:00:07]} 54. Qd6 {[%clk 0:00:11]} Qf7 {[%clk 0:00:08]} 55. Qg3
{[%clk 0:00:10]} Qe7 {[%clk 0:00:07]} 56. Rd5 {[%clk 0:00:10]} Qf6
{[%clk 0:00:06]} 57. Rd6 {[%clk 0:00:11]} Qe7 {[%clk 0:00:06]} 58. Rc6
{[%clk 0:00:11]} Nf4 {[%clk 0:00:04]} 59. Rc2 {[%clk 0:00:09]} Ng6
{[%clk 0:00:03]} 60. Qc7 {[%clk 0:00:09]} Qe3 {[%clk 0:00:03]} 61. Qd6
{[%clk 0:00:09]} Nf4 {[%clk 0:00:04]} 62. Qc5 {[%clk 0:00:10]} Qd3
{[%clk 0:00:05]} 63. Rc3 {[%clk 0:00:07]} Qb1 {[%clk 0:00:06]} 64. Rc2
{[%clk 0:00:07]} g6 {[%clk 0:00:04]} 65. Qe7+ {[%clk 0:00:07]} Kh6
{[%clk 0:00:00]} 66. Qf8+ {[%clk 0:00:07]} 1-0

[Event "Russian Championship (men blitz)"]
[Site "Sochi"]
[Date "2017.10.02"]
[Round "12.27"]
[White "Vastrukhin, Oleg"]
[Black "Sarana, Alexey"]
[Result "1-0"]
[LiveChessVersion "1.4.8"]
[BlackElo "2574"]
[WhiteElo "2424"]

1. e4 {[%clk 0:03:03]} d6 {[%clk 0:03:04]} 2. d4 {[%clk 0:03:04]} Nf6
{[%clk 0:03:05]} 3. Nc3 {[%clk 0:03:05]} e5 {[%clk 0:03:06]} 4. Nf3
{[%clk 0:03:04]} Nbd7 {[%clk 0:03:07]} 5. Be3 {[%clk 0:03:04]} Be7
{[%clk 0:03:04]} 6. h3 {[%clk 0:03:05]} O-O {[%clk 0:03:04]} 7. g4
{[%clk 0:03:06]} c6 {[%clk 0:02:57]} 8. g5 {[%clk 0:03:07]} Ne8 {[%clk 0:02:58]}
9. h4 {[%clk 0:03:07]} b5 {[%clk 0:02:54]} 10. Qd2 {[%clk 0:03:04]} b4
{[%clk 0:02:47]} 11. Ne2 {[%clk 0:03:05]} d5 {[%clk 0:02:09]} 12. Nxe5
{[%clk 0:02:52]} Nxe5 {[%clk 0:02:10]} 13. dxe5 {[%clk 0:02:53]} Nc7
{[%clk 0:02:09]} 14. Bg2 {[%clk 0:02:44]} Bg4 {[%clk 0:02:00]} 15. Nd4
{[%clk 0:02:23]} Qd7 {[%clk 0:01:54]} 16. Nxc6 {[%clk 0:01:33]} Qxc6
{[%clk 0:01:48]} 17. exd5 {[%clk 0:01:32]} Qa6 {[%clk 0:01:49]} 18. d6
{[%clk 0:01:30]} Rad8 {[%clk 0:01:50]} 19. Qd3 {[%clk 0:01:29]} Nb5
{[%clk 0:01:16]} 20. O-O {[%clk 0:01:04]} Be6 {[%clk 0:01:00]} 21. a3
{[%clk 0:00:56]} Bxd6 {[%clk 0:00:47]} 22. axb4 {[%clk 0:00:54]} Qc8
{[%clk 0:00:41]} 23. Qxb5 {[%clk 0:00:51]} Bb8 {[%clk 0:00:41]} 24. Qc6
{[%clk 0:00:44]} Bxe5 {[%clk 0:00:40]} 25. Qxc8 {[%clk 0:00:45]} Rxc8
{[%clk 0:00:42]} 26. c3 {[%clk 0:00:47]} a6 {[%clk 0:00:41]} 27. Rfd1
{[%clk 0:00:44]} Rc4 {[%clk 0:00:43]} 28. Bd4 {[%clk 0:00:42]} Bxd4
{[%clk 0:00:37]} 29. Rxd4 {[%clk 0:00:43]} Rxd4 {[%clk 0:00:21]} 30. cxd4 Bc4 31.
Bf1 {[%clk 0:00:44]} Rc8 {[%clk 0:00:22]} 32. Rc1 {[%clk 0:00:30]} Be6
{[%clk 0:00:23]} 33. Rxc8+ {[%clk 0:00:26]} Bxc8 {[%clk 0:00:24]} 34. b5
{[%clk 0:00:28]} axb5 {[%clk 0:00:24]} 35. Bxb5 {[%clk 0:00:29]} Kf8
{[%clk 0:00:25]} 36. Kg2 {[%clk 0:00:28]} Ke7 {[%clk 0:00:27]} 37. Kf3
{[%clk 0:00:30]} Kd6 {[%clk 0:00:28]} 38. Bc4 {[%clk 0:00:30]} f6
{[%clk 0:00:29]} 39. gxf6 {[%clk 0:00:31]} gxf6 {[%clk 0:00:31]} 40. Kf4
{[%clk 0:00:31]} h6 {[%clk 0:00:32]} 41. Ke3 {[%clk 0:00:29]} Bf5
{[%clk 0:00:30]} 42. Kd2 {[%clk 0:00:30]} Bd7 {[%clk 0:00:30]} 43. Kc3
{[%clk 0:00:32]} Bc6 {[%clk 0:00:32]} 44. Kb4 {[%clk 0:00:33]} Bf3
{[%clk 0:00:32]} 45. Ka5 {[%clk 0:00:34]} f5 {[%clk 0:00:33]} 46. b4
{[%clk 0:00:35]} f4 {[%clk 0:00:33]} 47. Kb6 {[%clk 0:00:36]} Bd1
{[%clk 0:00:31]} 48. b5 {[%clk 0:00:37]} f3 {[%clk 0:00:32]} 49. Ka7
{[%clk 0:00:39]} Be2 {[%clk 0:00:34]} 50. b6 {[%clk 0:00:36]} Kd5 1-0

[Event "Russian Championship (men blitz)"]
[Site "Sochi"]
[Date "2017.10.02"]
[Round "12.28"]
[White "Tekeyev, Zaur"]
[Black "Lugovskoy, Maxim"]
[Result "0-1"]
[LiveChessVersion "1.4.8"]
[BlackElo "2512"]
[WhiteElo "2413"]

1. e4 {[%clk 0:03:03]} e6 {[%clk 0:03:04]} 2. d4 {[%clk 0:03:05]} d5
{[%clk 0:03:05]} 3. Nd2 {[%clk 0:03:06]} Nc6 {[%clk 0:03:07]} 4. Ngf3
{[%clk 0:03:07]} Nf6 {[%clk 0:03:08]} 5. e5 {[%clk 0:03:09]} Nd7 {[%clk 0:03:09]}
6. Be2 {[%clk 0:03:10]} Be7 {[%clk 0:03:11]} 7. Nf1 {[%clk 0:03:10]} O-O
{[%clk 0:03:10]} 8. Ne3 {[%clk 0:03:09]} f6 {[%clk 0:03:11]} 9. exf6
{[%clk 0:03:10]} Nxf6 {[%clk 0:03:12]} 10. O-O {[%clk 0:03:09]} Bd6
{[%clk 0:03:13]} 11. c3 {[%clk 0:03:05]} Bd7 {[%clk 0:03:11]} 12. Bd3
{[%clk 0:03:06]} Be8 {[%clk 0:03:12]} 13. Qc2 {[%clk 0:02:55]} Bh5
{[%clk 0:03:13]} 14. Ng5 {[%clk 0:02:54]} Ne4 {[%clk 0:02:53]} 15. Nxe4
{[%clk 0:02:32]} dxe4 {[%clk 0:02:53]} 16. Bxe4 {[%clk 0:02:33]} h6
{[%clk 0:02:29]} 17. Nc4 {[%clk 0:02:30]} Bf4 {[%clk 0:02:23]} 18. Bxf4
{[%clk 0:02:21]} Rxf4 {[%clk 0:02:23]} 19. g3 {[%clk 0:02:07]} Qg5
{[%clk 0:01:55]} 20. Bg2 {[%clk 0:01:39]} Rf6 {[%clk 0:01:44]} 21. Rae1
{[%clk 0:01:32]} Bg6 {[%clk 0:01:42]} 22. Qb3 {[%clk 0:01:12]} Raf8
{[%clk 0:01:10]} 23. f4 {[%clk 0:01:08]} Qh5 {[%clk 0:01:07]} 24. Qxb7
{[%clk 0:00:54]} Ne7 {[%clk 0:00:56]} 25. Re5 {[%clk 0:00:39]} Bf5
{[%clk 0:00:44]} 26. Qf3 {[%clk 0:00:32]} Qg6 {[%clk 0:00:43]} 27. Ne3
{[%clk 0:00:30]} Bd3 {[%clk 0:00:42]} 28. Re1 {[%clk 0:00:31]} h5
{[%clk 0:00:39]} 29. Qxh5 {[%clk 0:00:29]} Rb8 {[%clk 0:00:26]} 30. Qxg6
{[%clk 0:00:29]} Nxg6 {[%clk 0:00:26]} 31. Ra5 {[%clk 0:00:20]} Rxb2
{[%clk 0:00:26]} 32. Rxa7 {[%clk 0:00:21]} Ne7 {[%clk 0:00:04]} 33. Rxc7
{[%clk 0:00:18]} Ng6 {[%clk 0:00:04]} 34. Ra7 {[%clk 0:00:16]} Rf8
{[%clk 0:00:04]} 35. h4 {[%clk 0:00:14]} Rc8 {[%clk 0:00:05]} 36. h5
{[%clk 0:00:11]} Nf8 {[%clk 0:00:06]} 37. h6 {[%clk 0:00:06]} gxh6
{[%clk 0:00:06]} 38. Ng4 {[%clk 0:00:07]} Rxc3 {[%clk 0:00:06]} 39. Nxh6+ Kh8 40.
d5 {[%clk 0:00:06]} Rcc2 {[%clk 0:00:08]} 41. Bf3 {[%clk 0:00:07]} exd5
{[%clk 0:00:03]} 42. Nf7+ {[%clk 0:00:06]} Kg8 {[%clk 0:00:03]} 43. Ng5
{[%clk 0:00:06]} Bg6 {[%clk 0:00:03]} 44. Bxd5+ {[%clk 0:00:06]} Kh8
{[%clk 0:00:05]} 45. Bf3 {[%clk 0:00:05]} Rd2 {[%clk 0:00:05]} 46. a4
{[%clk 0:00:06]} Ra2 {[%clk 0:00:06]} 47. a5 {[%clk 0:00:07]} Nd7
{[%clk 0:00:06]} 48. Rc1 {[%clk 0:00:06]} Nc5 {[%clk 0:00:06]} 49. Rc7
{[%clk 0:00:04]} Nd3 {[%clk 0:00:06]} 50. Rb1 {[%clk 0:00:04]} Nb2
{[%clk 0:00:03]} 51. Rb7 {[%clk 0:00:04]} Nc4 {[%clk 0:00:04]} 52. a6
{[%clk 0:00:04]} Rdc2 {[%clk 0:00:03]} 53. a7 {[%clk 0:00:05]} Nd2
{[%clk 0:00:04]} 54. Rb8+ {[%clk 0:00:05]} Kg7 {[%clk 0:00:05]} 55. R8b7+
{[%clk 0:00:04]} Kf6 {[%clk 0:00:06]} 56. R7b6+ {[%clk 0:00:04]} Kg7
{[%clk 0:00:06]} 57. Rxg6+ {[%clk 0:00:04]} Kxg6 {[%clk 0:00:07]} 58. Re1
{[%clk 0:00:03]} Nxf3+ {[%clk 0:00:07]} 59. Nxf3 {[%clk 0:00:04]} Rxa7
{[%clk 0:00:08]} 60. Nh4+ {[%clk 0:00:03]} Kh5 {[%clk 0:00:08]} 61. Ng2
{[%clk 0:00:04]} Ra3 {[%clk 0:00:04]} 62. Re5+ {[%clk 0:00:05]} Kg4
{[%clk 0:00:04]} 63. Rg5+ {[%clk 0:00:06]} Kh3 {[%clk 0:00:04]} 64. Ne1
{[%clk 0:00:06]} Rc1 {[%clk 0:00:05]} 65. Re5 {[%clk 0:00:06]} Rxg3+
{[%clk 0:00:05]} 66. Kf2 {[%clk 0:00:07]} Ra3 {[%clk 0:00:05]} 67. f5
{[%clk 0:00:08]} Kg4 {[%clk 0:00:05]} 68. f6 {[%clk 0:00:08]} Ra2+
{[%clk 0:00:06]} 69. Kf1 {[%clk 0:00:08]} Ra6 {[%clk 0:00:07]} 70. Ke2
{[%clk 0:00:06]} Rxf6 {[%clk 0:00:07]} 71. Nd3 {[%clk 0:00:08]} Ra1
{[%clk 0:00:08]} 72. Re4+ {[%clk 0:00:09]} Kg5 {[%clk 0:00:09]} 73. Re5+
{[%clk 0:00:10]} Kg6 {[%clk 0:00:11]} 74. Re4 {[%clk 0:00:11]} Ra2+
{[%clk 0:00:12]} 75. Ke3 {[%clk 0:00:12]} Rd6 {[%clk 0:00:12]} 76. Nf4+
{[%clk 0:00:12]} Kf5 {[%clk 0:00:13]} 77. Nd3 {[%clk 0:00:08]} Ra3
{[%clk 0:00:14]} 78. Rd4 {[%clk 0:00:10]} Rh6 {[%clk 0:00:15]} 79. Rd5+
{[%clk 0:00:10]} Ke6 {[%clk 0:00:16]} 80. Re5+ {[%clk 0:00:11]} Kd6
{[%clk 0:00:17]} 81. Re4 {[%clk 0:00:12]} Rh3+ {[%clk 0:00:18]} 82. Kf4
{[%clk 0:00:09]} Rhxd3 {[%clk 0:00:19]} 83. Ke5+ Kxe5 0-1

[Event "Russian Championship (men blitz)"]
[Site "Sochi"]
[Date "2017.10.02"]
[Round "13.1"]
[White "Artemiev, Vladislav"]
[Black "Sjugirov, Sanan"]
[Result "1-0"]
[LiveChessVersion "1.4.8"]
[BlackElo "2637"]
[WhiteElo "2729"]

1. c4 {[%clk 0:03:01]} c6 {[%clk 0:03:00]} 2. d4 {[%clk 0:03:01]} Nf6
{[%clk 0:03:01]} 3. Bf4 {[%clk 0:03:01]} Qb6 {[%clk 0:03:00]} 4. b3
{[%clk 0:02:25]} d6 {[%clk 0:02:46]} 5. Nc3 {[%clk 0:02:23]} Bf5 {[%clk 0:02:29]}
6. Nf3 {[%clk 0:02:16]} g6 {[%clk 0:02:22]} 7. e3 {[%clk 0:02:13]} Qa5
{[%clk 0:02:17]} 8. Qd2 {[%clk 0:02:07]} Bg7 {[%clk 0:02:14]} 9. Be2
{[%clk 0:02:05]} Nbd7 {[%clk 0:01:43]} 10. O-O {[%clk 0:02:04]} O-O
{[%clk 0:01:35]} 11. e4 {[%clk 0:02:00]} Bg4 {[%clk 0:01:35]} 12. Be3
{[%clk 0:02:01]} Qc7 {[%clk 0:01:21]} 13. h3 {[%clk 0:02:01]} Bxf3
{[%clk 0:01:22]} 14. Bxf3 {[%clk 0:02:02]} e5 {[%clk 0:01:16]} 15. d5
{[%clk 0:02:03]} c5 {[%clk 0:01:11]} 16. a3 {[%clk 0:02:04]} a6 {[%clk 0:01:06]}
17. Be2 {[%clk 0:02:00]} Rfc8 {[%clk 0:01:05]} 18. b4 {[%clk 0:01:59]} b6
{[%clk 0:01:03]} 19. Rfc1 {[%clk 0:01:50]} Qd8 {[%clk 0:01:04]} 20. Rab1
{[%clk 0:01:46]} h5 {[%clk 0:01:04]} 21. Rb2 {[%clk 0:01:25]} Kh7
{[%clk 0:01:05]} 22. Rcb1 {[%clk 0:01:25]} Ng8 {[%clk 0:01:05]} 23. bxc5
{[%clk 0:01:24]} bxc5 {[%clk 0:01:05]} 24. Bd1 {[%clk 0:01:21]} Rab8
{[%clk 0:01:00]} 25. Rb7 {[%clk 0:01:03]} Rxb7 {[%clk 0:00:41]} 26. Rxb7
{[%clk 0:01:04]} Rc7 {[%clk 0:00:13]} 27. Qb2 {[%clk 0:01:01]} Qc8
{[%clk 0:00:13]} 28. Rb3 {[%clk 0:00:55]} Bh6 {[%clk 0:00:14]} 29. Bxh6
{[%clk 0:00:54]} Nxh6 {[%clk 0:00:15]} 30. Nb1 {[%clk 0:00:26]} Ng8
{[%clk 0:00:15]} 31. Nd2 {[%clk 0:00:27]} Ngf6 {[%clk 0:00:16]} 32. h4
{[%clk 0:00:20]} Kg7 {[%clk 0:00:18]} 33. g3 {[%clk 0:00:21]} Qh8
{[%clk 0:00:17]} 34. Qc3 {[%clk 0:00:17]} Qh6 {[%clk 0:00:13]} 35. Qd3
{[%clk 0:00:15]} Rc8 {[%clk 0:00:12]} 36. Nf3 {[%clk 0:00:15]} Qh8
{[%clk 0:00:08]} 37. Ng5 {[%clk 0:00:11]} Rb8 {[%clk 0:00:09]} 38. Qb1
{[%clk 0:00:08]} Qc8 {[%clk 0:00:08]} 39. Rxb8 {[%clk 0:00:08]} Qxb8
{[%clk 0:00:09]} 40. Qxb8 {[%clk 0:00:09]} Nxb8 {[%clk 0:00:11]} 41. f4
{[%clk 0:00:06]} Nbd7 {[%clk 0:00:10]} 42. Ba4 {[%clk 0:00:06]} Nb6
{[%clk 0:00:09]} 43. Bb3 {[%clk 0:00:07]} Nh7 {[%clk 0:00:06]} 44. Nf3
{[%clk 0:00:07]} f6 {[%clk 0:00:06]} 45. Kf2 {[%clk 0:00:05]} Nf8
{[%clk 0:00:04]} 46. a4 {[%clk 0:00:06]} a5 {[%clk 0:00:05]} 47. Nd2
{[%clk 0:00:06]} Nfd7 {[%clk 0:00:05]} 48. Nb1 {[%clk 0:00:07]} Kf7
{[%clk 0:00:06]} 49. Nc3 {[%clk 0:00:08]} Ke7 50. Nb5 Nb8 {[%clk 0:00:08]} 51.
Nc7 {[%clk 0:00:07]} N8d7 {[%clk 0:00:08]} 52. Kf3 {[%clk 0:00:07]} Nf8
{[%clk 0:00:09]} 53. Nb5 {[%clk 0:00:05]} Nfd7 {[%clk 0:00:10]} 54. Na7
{[%clk 0:00:05]} Nb8 {[%clk 0:00:11]} 55. f5 {[%clk 0:00:04]} Kf7
{[%clk 0:00:12]} 56. fxg6+ {[%clk 0:00:04]} Kxg6 {[%clk 0:00:13]} 57. Nb5
{[%clk 0:00:05]} Nc8 {[%clk 0:00:14]} 58. g4 {[%clk 0:00:06]} Nd7
{[%clk 0:00:14]} 59. Kg3 {[%clk 0:00:06]} hxg4 {[%clk 0:00:08]} 60. Kxg4
{[%clk 0:00:07]} f5+ {[%clk 0:00:09]} 61. exf5+ {[%clk 0:00:08]} Kh6
{[%clk 0:00:11]} 62. Bc2 {[%clk 0:00:06]} Nf6+ {[%clk 0:00:12]} 63. Kg3
{[%clk 0:00:07]} Kh5 {[%clk 0:00:11]} 64. Bd1+ {[%clk 0:00:08]} Kh6
{[%clk 0:00:13]} 65. Be2 {[%clk 0:00:07]} Ne4+ {[%clk 0:00:13]} 66. Kf3
{[%clk 0:00:07]} Nf6 {[%clk 0:00:15]} 67. Bd1 {[%clk 0:00:06]} Ne8
{[%clk 0:00:15]} 68. Nc3 {[%clk 0:00:04]} Nb6 {[%clk 0:00:16]} 69. Be2
{[%clk 0:00:04]} Nf6 {[%clk 0:00:17]} 70. Kg3 {[%clk 0:00:04]} Nc8
{[%clk 0:00:17]} 71. Bf3 {[%clk 0:00:04]} Nb6 {[%clk 0:00:18]} 72. Nb5
{[%clk 0:00:04]} Nc8 {[%clk 0:00:17]} 73. Kf2 {[%clk 0:00:04]} Ne8
{[%clk 0:00:18]} 74. Ke3 {[%clk 0:00:05]} Nb6 {[%clk 0:00:20]} 75. f6
{[%clk 0:00:04]} Nxf6 {[%clk 0:00:16]} 76. Nxd6 {[%clk 0:00:05]} Nxa4 77. Nf7+
{[%clk 0:00:06]} Kg7 {[%clk 0:00:18]} 78. Nxe5 {[%clk 0:00:07]} Nb6
{[%clk 0:00:17]} 79. d6 {[%clk 0:00:05]} a4 {[%clk 0:00:19]} 80. Kd3
{[%clk 0:00:06]} Nfd7 {[%clk 0:00:09]} 81. Nxd7 {[%clk 0:00:06]} Nxd7
{[%clk 0:00:10]} 82. Kc3 {[%clk 0:00:06]} Kf6 {[%clk 0:00:09]} 83. Bg4
{[%clk 0:00:07]} Ne5 {[%clk 0:00:08]} 84. d7 {[%clk 0:00:08]} Ke7
{[%clk 0:00:09]} 85. Bf5 {[%clk 0:00:08]} a3 {[%clk 0:00:10]} 86. Kb3
{[%clk 0:00:04]} Nxc4 {[%clk 0:00:11]} 87. h5 {[%clk 0:00:04]} Nd6
{[%clk 0:00:09]} 88. h6 {[%clk 0:00:05]} c4+ {[%clk 0:00:05]} 89. Kxa3
{[%clk 0:00:06]} Nf7 {[%clk 0:00:05]} 90. h7 {[%clk 0:00:07]} Kd8
{[%clk 0:00:03]} 91. Kb4 {[%clk 0:00:08]} Ke7 {[%clk 0:00:04]} 92. Kxc4
{[%clk 0:00:09]} Nh8 {[%clk 0:00:05]} 93. Kd5 {[%clk 0:00:09]} Nf7
{[%clk 0:00:06]} 94. Be6 {[%clk 0:00:08]} Nh8 {[%clk 0:00:06]} 95. Ke5
{[%clk 0:00:07]} Ng6+ {[%clk 0:00:04]} 96. Kf5 {[%clk 0:00:08]} Nh8
{[%clk 0:00:06]} 97. Kg5 {[%clk 0:00:09]} Kxe6 {[%clk 0:00:03]} 98. d8=Q
{[%clk 0:00:09]} Nf7+ {[%clk 0:00:04]} 99. Kh5 {[%clk 0:00:10]} Kd5 1-0